| 000 | 00477 a2200157 4500 | ||
|---|---|---|---|
| 999 |
_c321015 _d321015 |
||
| 001 | 85942 | ||
| 003 | NUST | ||
| 005 | 20180124095251.0 | ||
| 008 | 180122b xxu||||| |||| 00| 0 eng d | ||
| 020 | _a9780071409988 | ||
| 082 | _a658.16 DAE | ||
| 100 |
_aGraeme K Deans ; Fritz Kroeger ; Stefan Zeisel _99402 |
||
| 245 |
_aWinning the merger endgame : a playbook for profiting from industry consolidation _hEnglish |
||
| 250 | _a1st | ||
| 260 |
_aNew York _bMcGraw Hill _c2003 |
||
| 300 | _axiv, 242 p. | ||
| 500 | _aGifted By AM Masood Akhtar | ||
| 942 |
_acaenust _cBK _k658.16 DAE _2ddc |
||